| 000 | 00436nam a2200145Ia 4500 | ||
|---|---|---|---|
| 008 | 180922s9999 xx 000 0 und d | ||
| 020 | _a764501801 | ||
| 100 | _aRathbone,Andy. | ||
| 245 |
_cAndy Rathbone.-- _aWindows 95 for dummies / |
||
| 250 | _a2nd ed | ||
| 260 |
_aCalifornia : _bIDG books worldwide _c1997 |
||
| 300 | _axxii, 385 pages. | ||
| 650 | _aMicrosoft Windows (Computer file). | ||
| 650 | _aOperating systems (Computers). | ||
| 999 |
_c358828 _d358828 |
||